000 00669nam a22002177a 4500
005 20260515115047.0
008 250225b |||||||| |||| 00| 0 eng d
020 _a9789358490794
040 _aIN-DiNC
_cIN-DiNC
041 _dasm
082 _a301.0954
_bBHU
100 _aBhuyan, Dilip Kumar
_eauthor
245 _aBharatar samajtattwa - dwittiya khanda (Major 5)/
_cby Dilip Kumar Bhuyan, Prashanta Phukan and Ayushree Dowarah
250 _a1st ed.
260 _aDibrugarh:
_bBanalata,
_c2025.
300 _a255p.
650 _aSociology of India-II (Major 5)
700 _aPhukan, Prashanta
_eauthor
700 _aDowarah, Ayushree
_eauthor
942 _2ddc
_cBK
999 _c12032
_d12032